书目信息 |
| 题名: |
养蜂新法
|
|
| 作者: | 傅耀荣 编著 | |
| 分册: | ||
| 出版信息: | 北京 农村读物出版社 1991.09 |
|
| 页数: | 199页 | |
| 开本: | 20cm | |
| 丛书名: | ||
| 单 册: | ||
| 中图分类: | S894 | |
| 科图分类: | ||
| 主题词: | 养蜂 , 益虫--饲养 | |
| 电子资源: | ||
| ISBN: | 7-5048-1540-3 | |
| 000 | 00581nam0 2200205 450 | |
| 001 | 0836002102 | |
| 005 | 20080916100145.10 | |
| 010 | @a7-5048-1540-3@dCNY7.50 | |
| 100 | @a20080916d1991 km y0chiy0120 ea | |
| 101 | 0 | @achi |
| 102 | @aCN@b110000 | |
| 200 | 1 | @a养蜂新法@Ayang feng xin fa@f傅耀荣等编著@Ffu yao rong deng bian zhu |
| 210 | @a北京@c农村读物出版社@d1991.09 | |
| 215 | @a199页@d20cm | |
| 606 | 0 | @a养蜂 |
| 606 | 0 | @a益虫@x饲养 |
| 690 | @aS894@v4 | |
| 701 | 0 | @a傅耀荣@Afu yao rong@4编著 |
| 801 | 0 | @aCN@b大连网信软件有限公司图书馆·11@c20080916 |
| 905 | @aBZT@dS894@e23 | |
| 养蜂新法/傅耀荣等编著.-北京:农村读物出版社,1991.09 |
| 199页;20cm |
| ISBN 7-5048-1540-3:CNY7.50 |
| ● |
| 相关链接 |
|
|
|
正题名:养蜂新法
索取号:S894/23
 
预约/预借
| 序号 | 登录号 | 条形码 | 馆藏地/架位号 | 状态 | 备注 |
| 1 | 068607 | 201277359 | 中心书库中库/ 中库031架A面6列5层15/ [索取号:S894/23] | 在馆 | |
| 2 | 068609 | 201277322 | 中心书库中库/ 中库031架A面6列5层14/ [索取号:S894/23] | 在馆 |